All CONCACAF Champions Cup Winner - Statistics

General Stats
  • This quiz has been taken 84 times
  • The average score is 40 of 58
Answer Stats
Year Country Winner % Correct
1977 Mexico America
95%
1987 Mexico America
95%
1990 Mexico America
95%
1992 Mexico America
95%
2006 Mexico America
95%
14-15 Mexico America
95%
15-16 Mexico America
95%
10-11 Mexico Monterrey
89%
11-12 Mexico Monterrey
89%
12-13 Mexico Monterrey
89%
2019 Mexico Monterrey
89%
2021 Mexico Monterrey
89%
2020 Mexico Tigres
89%
1969 Mexico Cruz Azul
85%
1970 Mexico Cruz Azul
85%
1971 Mexico Cruz Azul
85%
1996 Mexico Cruz Azul
85%
1997 Mexico Cruz Azul
85%
13-14 Mexico Cruz Azul
85%
2002 Mexico Pachuca
85%
2007 Mexico Pachuca
85%
2008 Mexico Pachuca
85%
09-10 Mexico Pachuca
85%
16-17 Mexico Pachuca
85%
2024 Mexico Pachuca
85%
1980 Mexico Pumas
85%
1982 Mexico Pumas
85%
1989 Mexico Pumas
85%
2022 U.S.A Seattle
85%
1962 Mexico Chivas
84%
2018 Mexico Chivas
84%
2023 Mexico Leon
81%
2000 U.S.A LA Galaxy
77%
1993 Costa Rica Saprissa
69%
1995 Costa Rica Saprissa
69%
2005 Costa Rica Saprissa
69%
1968 Mexico Toluca
60%
2003 Mexico Toluca
60%
1999 Mexico Necaxa
56%
1998 U.S.A D.C. United
55%
1991 Mexico Puebla
55%
1983 Mexico Atlante
53%
08-09 Mexico Atlante
53%
1986 Costa Rica Alajuelense
52%
2004 Costa Rica Alajuelense
52%
1972 Honduras Olimpia
44%
1988 Honduras Olimpia
44%
1974 Guatamala Municipal
40%
1967 El Salvador Alianza
39%
1994 Costa Rica Cartagines
35%
1979 El Salvador FAS
34%
1973 Suriname Transvaal
31%
1981 Suriname Transvaal
31%
1984 Haiti Violette
27%
1976 El Salvador Aguila
26%
1975 Mexico Atletico Espanol
23%
1985 Trinidad & Tobago Defence Force
19%
1963 Haiti Racing Club
19%
No matching quizzes found
Score Distribution
Percent of People with Each Score
Percentile by Number Answered
Your Score History
You have not taken this quiz